Országok a magasból #2 - Statistics

General Stats
  • This quiz has been taken 144 times
  • The average score is 7 of 12
Answer Stats
Picture Answer % Correct
Egyiptom
92%
Ciprus
89%
Dél-afrikai Köztársaság
64%
Irán
60%
Kuba
60%
Hollandia
58%
Nepál
55%
Finnország
47%
Izrael
47%
Észak-Korea
36%
Ecuador
29%
Bahrein
15%
No matching quizzes found
Score Distribution
Percent of People with Each Score
Percentile by Number Answered
Your Score History
You have not taken this quiz